000 00705nam a2200253Ia 4500
003 OSt
005 20221006144239.0
006 a|||||r|||| 00| 0
007 ta
008 221006b |||||||| |||| 00| 0 eng d
024 _a11,232
037 _cTextual
040 _aEASL
_cEASL
_beng
041 _2eng
_aeng
082 _aT:3,5.2.N66t4, K6
100 _aINDIAN INSTITUTE OF FOREIGN TRADE
245 0 _aReport on teaching facilities of foreign languages in India
260 _aIndia
_bExports
_c1966
300 _a47p.
_ccm.
490 _v Gen
650 _aGen
942 _hT:3,5.2.N66t4, K6
_cTEXL
_2CC
999 _c1079318
_d1079318